000 00356nam a22001217a 4500
003 OSt
008 250127b |||||||| |||| 00| 0 eng d
041 _aeng
100 _aISI
_97009
245 _aIndian Standard Speification for Fruited Field Roller Type Seed Meetering Mechanism Part1 IS:6816
260 _bIndian Standard Institutions,
_c1973.
942 _cBK
999 _c19136
_d19136